[Event "Titled Tuesday intern op 04th Jun Early"]
[Site "Chess.com INT"]
[Date "2024.06.04"]
[Round "2"]
[White "Matthes, Aaron"]
[Black "Ibadov, Dashgyn"]
[Result "1-0"]
[WhiteElo "2217"]
[BlackElo "2337"]
[PlyCount "101"]
[EventDate "2024.06.04"]
[EventType "swiss (blitz)"]
[EventRounds "11"]
[EventCountry "USA"]
[SourceTitle "EXT 2025"]
[Source "ChessBase"]
[SourceDate "2024.10.14"]
[SourceVersion "1"]
[SourceVersionDate "2024.10.14"]
[SourceQuality "1"]

1. Nf3 d5 2. g3 Nd7 3. d4 Nb6 4. Bg2 Bf5 5. 0-0 e6 6. Bg5 Be7 7. Bxe7 Nxe7 8. Nbd2 0-0 9. c3 h6 10. Re1 a5 11. e4 Bh7 12. Ne5 c6 13. f3 Nd7 14. Nd3 Qc7 15. Rc1 Rad8 16. Qe2 dxe4 17. Nxe4 Rfe8 18. f4 b6 19. Ne5 c5 20. Qh5 Nxe5 21. dxe5 Bxe4 22. Bxe4 Rd2 23. Rc2 Red8 24. Rxd2 Rxd2 25. Re2 Qd8 26. Kg2 Nf5 27. Bxf5 exf5 28. Rxd2 Qxd2+ 29. Kh3 Qd3 30. Kg2 Kf8 31. Qf3 Qd2+ 32. Qf2 Qd5+ 33. Kh3 Ke7 34. Qe2 g5 35. Qh5 g4+ 36. Kh4 Qe6 37. h3 gxh3 38. Kxh3 c4 39. Qf3 Kf8 40. Qa8+ Kg7 41. Qd8 Qg6 42. Kg2 Qc6+ 43. Kf2 b5 44. Qxa5 Qd5 45. Qb6 Qd2+ 46. Kf3 Qxb2 47. Qf6+ Kg8 48. e6 fxe6 49. Qg6+ Kf8 50. Qf6+ Ke8 51. Qxe6+ 1-0

[Event "Titled Tuesday intern op 04th Jun Late"]
[Site "Chess.com INT"]
[Date "2024.06.04"]
[Round "4"]
[White "Matthes, Aaron"]
[Black "Melillo, Lucius"]
[Result "1-0"]
[WhiteElo "2217"]
[BlackElo "2306"]
[PlyCount "75"]
[EventDate "2024.06.04"]
[EventType "swiss (blitz)"]
[EventRounds "11"]
[EventCountry "USA"]
[SourceTitle "EXT 2025"]
[Source "ChessBase"]
[SourceDate "2024.10.14"]
[SourceVersion "1"]
[SourceVersionDate "2024.10.14"]
[SourceQuality "1"]

1. Nf3 c5 2. b3 Nc6 3. Bb2 Nf6 4. c4 d5 5. cxd5 Nxd5 6. g3 f6 7. Bg2 e5 8. 0-0 Be6 9. Nc3 Be7 10. Rc1 0-0 11. Ne4 b6 12. d3 Rc8 13. Qd2 Qd7 14. Rfd1 h6 15. h4 f5 16. Nc3 Bf6 17. e4 Nxc3 18. Bxc3 Nd4 19. Bxd4 exd4 20. Nh2 fxe4 21. Bxe4 Bf5 22. Re1 Rce8 23. Bxf5 Qxf5 24. Re2 Rxe2 25. Qxe2 Rf7 26. Re1 Re7 27. Qf1 Rxe1 28. Qxe1 Qxd3 29. Qe8+ Kh7 30. h5 b5 31. Nf3 c4 32. bxc4 bxc4 33. Nd2 g6 34. Ne4 gxh5 35. Nxf6+ Kg7 36. Nxh5+ Kh7 37. Qf7+ Kh8 38. Qg7# 1-0

[Event "Titled Tuesday intern op 04th Jun Early"]
[Site "Chess.com INT"]
[Date "2024.06.04"]
[Round "1"]
[White "Williams, Simon Kim"]
[Black "Matthes, Aaron"]
[Result "1-0"]
[WhiteElo "2450"]
[BlackElo "2217"]
[PlyCount "75"]
[EventDate "2024.06.04"]
[EventType "swiss (blitz)"]
[EventRounds "11"]
[EventCountry "USA"]
[SourceTitle "EXT 2025"]
[Source "ChessBase"]
[SourceDate "2024.10.14"]
[SourceVersion "1"]
[SourceVersionDate "2024.10.14"]
[SourceQuality "1"]

1. f4 b6 2. e4 Bb7 3. Nc3 g6 4. d4 Bg7 5. Nf3 e6 6. Bd3 Ne7 7. 0-0 f5 8. a4 0-0 9. a5 c5 10. a6 Bc6 11. dxc5 bxc5 12. Qe2 Qb6 13. Kh1 h6 14. Ne5 d6 15. Nc4 Qc7 16. exf5 exf5 17. Qe6+ Kh7 18. Qxd6 Qxd6 19. Nxd6 Rd8 20. Nb7 Rc8 21. Be3 Nd7 22. Bc4 Nb6 23. Be6 Rc7 24. Nxc5 Re8 25. Bf7 Ned5 26. Nxd5 Nxd5 27. Bxe8 Nxe3 28. Bxc6 Nxf1 29. Rxf1 Rxc6 30. b4 Bc3 31. Rd1 Bxb4 32. Rd7+ Kh8 33. Nd3 Rxc2 34. h4 Bc5 35. Nxc5 Rxc5 36. Rxa7 Rc4 37. Rb7 Ra4 38. a7 1-0

[Event "Titled Tuesday intern op 21st May Late"]
[Site "Chess.com INT"]
[Date "2024.05.21"]
[Round "3"]
[White "Kunz, Andre"]
[Black "Matthes, Aaron"]
[Result "1-0"]
[WhiteElo "2183"]
[BlackElo "2213"]
[PlyCount "45"]
[EventDate "2024.05.21"]
[EventType "swiss (blitz)"]
[EventRounds "11"]
[EventCountry "USA"]
[SourceTitle "CBM 220 Extra"]
[Source "ChessBase"]
[SourceDate "2024.07.31"]
[SourceVersion "1"]
[SourceVersionDate "2024.07.31"]
[SourceQuality "1"]

1. e4 c6 2. d4 d5 3. Nd2 dxe4 4. Nxe4 Bf5 5. Ng3 Bg6 6. h4 h6 7. Nh3 e6 8. Nf4 Bh7 9. Bc4 Bd6 10. Ngh5 Bxf4 11. Bxf4 Nf6 12. Nxg7+ Kf8 13. Bxh6 Ke7 14. Bg5 Nbd7 15. Qf3 Bg6 16. h5 Qa5+ 17. Bd2 Qb6 18. 0-0-0 Be4 19. Qe3 Rag8 20. h6 Bxg2 21. Rh4 Qd8 22. Nxe6 Ng4 23. Rxg4 1-0

[Event "Titled Tuesday intern op 21st May Late"]
[Site "Chess.com INT"]
[Date "2024.05.21"]
[Round "9"]
[White "Matthes, Aaron"]
[Black "Martinez Reyes, Pedro Ramon"]
[Result "0-1"]
[WhiteElo "2213"]
[BlackElo "2325"]
[PlyCount "142"]
[EventDate "2024.05.21"]
[EventType "swiss (blitz)"]
[EventRounds "11"]
[EventCountry "USA"]
[SourceTitle "CBM 220 Extra"]
[Source "ChessBase"]
[SourceDate "2024.07.31"]
[SourceVersion "1"]
[SourceVersionDate "2024.07.31"]
[SourceQuality "1"]

1. Nf3 Nf6 2. b3 g6 3. Bb2 Bg7 4. h4 h5 5. g3 b6 6. Bg2 Bb7 7. 0-0 0-0 8. c4 c5 9. Re1 d6 10. Nc3 Nbd7 11. e4 a6 12. d4 cxd4 13. Nxd4 Ne5 14. Rc1 Rc8 15. Qe2 e6 16. Red1 Qc7 17. Ba3 Rfd8 18. Nf3 Nfg4 19. Nxe5 dxe5 20. f3 Nf6 21. Rxd8+ Rxd8 22. Rd1 Rd4 23. Na4 Nd7 24. Bb2 Rxd1+ 25. Qxd1 Bf8 26. Kh2 b5 27. cxb5 axb5 28. Nc3 b4 29. Na4 Bc6 30. Bf1 Qa7 31. Qc2 Bxa4 32. bxa4 Bc5 33. Bb5 Bd4 34. Bxd4 exd4 35. Qc8+ Nf8 36. Qd8 Qc5 37. Kh3 Qc1 38. Kg2 Qd2+ 39. Kg1 Qe3+ 40. Kg2 Qd2+ 41. Kh3 Qxa2 42. Qxd4 b3 43. Qf6 Qb1 44. g4 hxg4+ 45. fxg4 Qxe4 46. Be8 Qe3+ 47. Kh2 Qa7 48. a5 Qb8+ 49. Kh3 Qxe8 50. a6 Qb8 51. Qd4 b2 52. a7 Qa8 53. Qa4 b1Q 54. h5 Qbb7 55. Kh4 Qh1+ 56. Kg5 Qhd5+ 57. Kh6 Qd2+ 58. g5 Qh2 59. Qg4 Qxh5+ 60. Qxh5 gxh5 61. g6 Nxg6 62. Kg5 Qxa7 63. Kh6 e5 64. Kg5 e4 65. Kf6 h4 66. Kg5 e3 67. Kh6 e2 68. Kg5 h3 69. Kf6 h2 70. Kg5 e1Q 71. Kh6 Qh4# 0-1

[Event "Titled Tuesday intern op 14th May Late"]
[Site "Chess.com INT"]
[Date "2024.05.14"]
[Round "3"]
[White "Matthes, Aaron"]
[Black "Oliveira, Tiago Lopes"]
[Result "1-0"]
[WhiteElo "2215"]
[BlackElo "1985"]
[PlyCount "73"]
[EventDate "2024.05.14"]
[EventType "swiss (blitz)"]
[EventRounds "11"]
[EventCountry "USA"]
[SourceTitle "CBM 220 Extra"]
[Source "ChessBase"]
[SourceDate "2024.07.31"]
[SourceVersion "1"]
[SourceVersionDate "2024.07.31"]
[SourceQuality "1"]

1. Nf3 c5 2. e3 Nc6 3. b3 Nf6 4. Bb2 e6 5. d4 d5 6. Nbd2 cxd4 7. Nxd4 Be7 8. Be2 0-0 9. 0-0 a6 10. c4 Nxd4 11. Bxd4 dxc4 12. Nxc4 b5 13. Bf3 Nd5 14. Nb6 Nxb6 15. Bxb6 Qxd1 16. Rfxd1 Rb8 17. Bc7 Bb7 18. Bxb8 Bxf3 19. Bd6 Bxd6 20. Rxd6 Bb7 21. Rad1 h5 22. Rd8 Bd5 23. Rxf8+ Kxf8 24. Rc1 a5 25. f3 a4 26. bxa4 bxa4 27. a3 Ke7 28. Rc5 g6 29. Ra5 Bb3 30. e4 Kd6 31. Kf2 Kc6 32. Ra7 e5 33. Ke3 Kb5 34. Kd3 Bc4+ 35. Kc3 Bf1 36. g3 Bg2 37. Rxf7 1-0

[Event "Titled Tuesday intern op 14th May Early"]
[Site "Chess.com INT"]
[Date "2024.05.14"]
[Round "5"]
[White "Sharshenbekov, Emir"]
[Black "Matthes, Aaron"]
[Result "1-0"]
[WhiteElo "2025"]
[BlackElo "2215"]
[PlyCount "89"]
[EventDate "2024.05.14"]
[EventType "swiss (blitz)"]
[EventRounds "11"]
[EventCountry "USA"]
[SourceTitle "EXT 2025"]
[Source "ChessBase"]
[SourceDate "2024.10.14"]
[SourceVersion "1"]
[SourceVersionDate "2024.10.14"]
[SourceQuality "1"]

1. g3 Nf6 2. Bg2 g6 3. f4 Bg7 4. Nf3 0-0 5. 0-0 b6 6. d3 Bb7 7. e4 d5 8. e5 Ng4 9. h3 Nh6 10. d4 c5 11. c3 cxd4 12. cxd4 Nd7 13. Be3 Ba6 14. Re1 Rc8 15. Nc3 e6 16. g4 Nb8 17. Qd2 Nc6 18. f5 exf5 19. Bxh6 fxg4 20. hxg4 Na5 21. Bxg7 Kxg7 22. b3 Qd7 23. g5 Qg4 24. Rac1 Bb7 25. Nh2 Qe6 26. Qf4 Nc6 27. Ng4 Nb4 28. Qf6+ Qxf6 29. exf6+ Kg8 30. Ne5 Rfe8 31. Kf2 Rxe5 32. dxe5 Nd3+ 33. Ke2 Ba6 34. Kd2 Nxe1 35. Rxe1 d4 36. Nd5 Rc5 37. e6 fxe6 38. Rxe6 Kf8 39. Rd6 d3 40. Nb4 Rxg5 41. Bd5 Bb5 42. Rd8+ Be8 43. f7 Rg2+ 44. Bxg2 Kxf7 45. Nxd3 1-0

[Event "Oberliga Nord O 2324"]
[Site "Germany"]
[Date "2024.04.14"]
[Round "8.2"]
[White "Matthes, Aaron"]
[Black "Penzold, Andreas"]
[Result "0-1"]
[WhiteElo "2203"]
[BlackElo "2353"]
[PlyCount "82"]
[EventDate "2023.10.22"]
[EventType "team-tourn"]
[EventRounds "9"]
[EventCountry "GER"]
[SourceTitle "EXT 2025"]
[Source "ChessBase"]
[SourceDate "2024.10.14"]
[SourceVersion "1"]
[SourceVersionDate "2024.10.14"]
[SourceQuality "1"]
[WhiteTeam "Kreuzberg"]
[BlackTeam "Potsdam Empor"]
[WhiteTeamCountry "GER"]
[BlackTeamCountry "GER"]

1. e4 Nf6 2. Nc3 d5 3. e5 Nfd7 4. d4 c5 5. e6 fxe6 6. Bd3 g6 7. Nf3 Nc6 8. dxc5 Bg7 9. Ng5 Nf6 10. 0-0 e5 11. Bb5 0-0 12. Re1 h6 13. Nf3 e4 14. Bxc6 bxc6 15. Ne5 Qc7 16. f4 exf3 17. Nxf3 Bg4 18. Qd3 Bf5 19. Qe2 Ne4 20. Nxe4 Bxe4 21. c3 Rf7 22. Be3 e5 23. Rf1 Rb8 24. Rac1 Qd7 25. h3 d4 26. cxd4 exd4 27. Bd2 Bxf3 28. Rxf3 Rxf3 29. Qxf3 Rxb2 30. Bf4 Qf7 31. Rf1 g5 32. Bd6 Qxf3 33. Rxf3 Rxa2 34. Rb3 a5 35. Kf1 a4 36. Rb8+ Kh7 37. Rb7 Kg6 38. g4 d3 39. Rd7 Ra1+ 40. Kf2 d2 41. Be5 Bxe5 0-1